[Event "Arco op 44th"]
[Site "Arco"]
[Date "2022.10.11"]
[Round "4"]
[White "Mueller, Markus2"]
[Black "Schellenberg, Pascal"]
[Result "1/2-1/2"]
[WhiteElo "1718"]
[BlackElo "1430"]
[PlyCount "58"]
[EventDate "2022.10.08"]
[EventType "swiss"]
[EventRounds "9"]
[EventCountry "ITA"]
[SourceTitle "CBM 210 Extra"]
[Source "ChessBase"]
[SourceDate "2022.11.30"]
[SourceVersion "1"]
[SourceVersionDate "2022.11.30"]
[SourceQuality "1"]

1. e4 e6 2. d4 d5 3. exd5 exd5 4. Bd3 Bd6 5. Be3 Ne7 6. h3 Bf5 7. Nf3 Nd7 8. c3 c6 9. Qc2 Bxd3 10. Qxd3 Qc7 11. Nbd2 Bf4 12. 0-0 0-0 13. Rfe1 Bxe3 14. Rxe3 Rae8 15. Rae1 Nf6 16. a3 Ng6 17. Rxe8 Rxe8 18. Rxe8+ Nxe8 19. Qe3 Qe7 20. Qxe7 Nxe7 21. Ne5 f6 22. Nd3 Kf7 23. f4 Nd6 24. g4 b6 25. Kg2 Nc4 26. Nxc4 dxc4 27. Nf2 Nd5 28. Kf3 Ke6 29. Ne4 a5 1/2-1/2

[Event "SUI-ch U12"]
[Site "Biel"]
[Date "2022.07.21"]
[Round "7"]
[White "Schellenberg, Pascal"]
[Black "Begdullayev, Tamerlan"]
[Result "1/2-1/2"]
[WhiteElo "1479"]
[BlackElo "1643"]
[PlyCount "73"]
[EventDate "2022.07.18"]
[EventType "swiss"]
[EventRounds "7"]
[EventCountry "SUI"]
[SourceTitle "EXT 2023"]
[Source "ChessBase"]
[SourceDate "2022.10.05"]
[SourceVersion "1"]
[SourceVersionDate "2022.10.05"]
[SourceQuality "1"]

1. Nf3 d5 2. g3 Nf6 3. Bg2 c5 4. d3 e6 5. Nbd2 Be7 6. c3 0-0 7. 0-0 Nc6 8. e4 Qc7 9. Re1 dxe4 10. Nxe4 b6 11. Bf4 Qd7 12. Qc2 Bb7 13. Rad1 Rfd8 14. Ne5 Nxe5 15. Nxf6+ Bxf6 16. Bxe5 Bxe5 17. Bxb7 Qxb7 18. Rxe5 Rd7 19. Re3 Rad8 20. Qe2 Qa6 21. a3 Qa4 22. Rd2 a5 23. f4 h6 24. Qd1 Qb5 25. Qe2 Qc6 26. Qf3 Qd6 27. Qe2 b5 28. Kf2 b4 29. axb4 axb4 30. c4 Qd4 31. Kg2 Qxc4 32. dxc4 Rxd2 33. Kf3 Rxe2 34. Kxe2 Rd4 35. b3 Kf8 36. Re5 Rd6 37. Ke1 1/2-1/2